000
00271nam a2200121Ia 4500
008
190216s9999||||xx |||||||||||||| ||und||
100
_a
Charles Dickens
245
0
_a
Great Expectations
260
_b
Heron Books
_c
1961
300
_a
412p
650
_a
Novel
942
_c
BK
999
_c
12212
_d
12212